000 00471nam a2200181Ia 4500
001 12503
005 20260306162946.0
008 260306t2024||||xx |||||||||||||| ||spa||
041 _aESP
082 _aHR 346
_bFEB 2024 GCP
110 _aGaceta Jurídica
245 0 _aGaceta civil & procesal civil :
_binformación para abogados y jueces
260 _c2024
300 _a280 páginas :
_c25 cm.
650 _aGEN
654 _aCDE
942 _cREV
_dJUS
_fJUS
_2ddc
_n
999 _c12503
_d12503